English Wizard (Record no. 13342)

MARC details
000 -LEADER
fixed length control field 00366nam a22001577a 4500
003 - CONTROL NUMBER IDENTIFIER
control field OSt
008 - FIXED-LENGTH DATA ELEMENTS--GENERAL INFORMATION
fixed length control field 250419b |||||||| |||| 00| 0 eng d
020 ## - INTERNATIONAL STANDARD BOOK NUMBER
International Standard Book Number 9789391061043
082 ## - DEWEY DECIMAL CLASSIFICATION NUMBER
Classification number 823.076 BHE
100 ## - MAIN ENTRY--PERSONAL NAME
Personal name BHARDWAJ,AP
245 ## - TITLE STATEMENT
Title English Wizard
260 ## - PUBLICATION, DISTRIBUTION, ETC. (IMPRINT)
Place of publication, distribution, etc New Delhi
Name of publisher, distributor, etc GK Publication(p) Ltd.
Date of publication, distribution, etc 2021
300 ## - PHYSICAL DESCRIPTION
Extent MISC
650 ## - SUBJECT ADDED ENTRY--TOPICAL TERM
Topical term or geographic name as entry element General
942 ## - ADDED ENTRY ELEMENTS (KOHA)
Source of classification or shelving scheme Dewey Decimal Classification
Koha item type Text Books
Holdings
Withdrawn status Lost status Source of classification or shelving scheme Damaged status Not for loan Collection code Home library Current library Date acquired Source of acquisition Currency Cost, normal purchase price Bill Number Total Checkouts Full call number Acc. no. / Barcode Date last seen Actual Cost, discounted price Bill Date Koha item type Public note
    Dewey Decimal Classification     GENERAL PIET C-LIBRARY PIET C-LIBRARY 11/04/2025 Zaffa Books INR 475.00 ZBD0039   823.076 BHE 39248 19/04/2025 332.50 11/04/2025 Reference Books Competitive
    Dewey Decimal Classification     GENERAL PIET C-LIBRARY PIET C-LIBRARY 11/04/2025 Zaffa Books INR 475.00 ZBD0039   823.076 BHE 39249 19/04/2025 332.50 11/04/2025 Text Books Competitive

Design & Developed by: PIET Central Library
R70 Miles Stone Pattikalyana Samalkha Panipat 132102
mail ID :- [email protected], Phone No:- 0180-2569700 Ex.216